000 00611nam a2200193Ia 4500
999 _c64791
_d64791
003 GCL
005 20240530110751.0
008 140319s9999 xx 000 0 ara d
040 _aGCL /
_cGCL
082 0 4 _a683.8 \
_bف م
100 1 _aفاروق سيد حسين
245 1 0 _aالافران والمواقد /
_cفاروق سيد حسين
300 _a51 ص
490 _aموسوعة الاجهزة المنزلية الالكترونية
_v0
650 0 4 _aالهندسة الحرارية
650 0 4 _aالهندسة البخارية
650 0 4 _aالافران والمواقد
942 _2ddc
_cBK